=LDR 00000nam 2200000 4500 =001 INLIS000000000028517 =005 20141206114313.0 =006 =007 =008 Ind =035 ##$$0010-061300000028517 =041 ##$$a Ind =082 ##$$a 202.222 =090 ##$$a 202.222, Nie m =100 ##$$a Nierenberg, Gerald I =245 ##$$a Membaca pikiran orang seperti membaca buku, Derald Nierenberg; Hendry H. Calero =260 ##$$a 2008 $b Yogyakarta =300 ##$$a viii, 214 hlm, ilus, 21 cm =650 ##$$a Komunikasi =850 ##$$a NBPNMAT =990 ##$$a 93552/BPAP-NTB/2014 =990 ##$$a 21195948/BPAP-NTB/2014 =990 ##$$a 0001/BPAP-NTB/20142015 =990 ##$$a 0001/BPAP-NTB/20142015